000 01371nam a2200229Ia 4500
003 IT-RoPAU
005 20220918175644.0
008 120407s9999 xx 000 0 und d
040 _aIT-RoPAU
040 _cIT-RoPAU
041 _aita
100 _aAlberione, Giacomo
_cssp
_914
245 _aAlle Suore di Gesù Buon Pastore 1957
_bTrascrizioni delle meditazioni e istruzioni di Don Giacomo Alberione riprese su nastro magnetico
250 _a1° ed.
260 _aRoma
_bCasa Generalizia Suore di Gesù Buon Pastore
_c1984
300 _c18,5 cm
_a316 p.
490 _aOpera Omnia (serie rossa)
490 _v9 / 1
520 _aINDICE GENERALE I.Esercizi spirituali; II.Il peccato; III.Riconciliazione; IV.Per chi viviamo; V.Conoscere il Signore; VI.Vivere come...; VII.La Direzione spirituale; VIII.La meditazione; IX.Visita Eucaristica; X.Problema vocazionario; XI.Formazione; XII.Fede; XIII.Mente, volontà e cuore a Dio; XIV.Povertà e lavoro; XV.Parroci e Pastorelle; XVI.Progredire; XVII.Fidarsi di Dio; XVIII.Rosario: misteri gaudiosi; XIX.Rosario: misteri dolorosi; XX.Rosario: misteri gloriosi; XXI.Festa dei santi; XXII.Attente tibi; XXIII.Apostolato; XXIV.In preparazione al Natale; XXV.Darsi per tempo a Dio; XXVI.Testimoni dell'eternità; XXVII.Verginità di mente e di cuore; XXVIII.Gesù Via, Verità e Vita.
942 _cBK
_2ddc
999 _c23568
_d23568